000 00602nam a2200145 a 4500
008 200804s2017 ||||||||||||||||| || u
020 _a9781107148833
050 _aGB 1197.7 Str
100 _aStrack, Otto D. L
245 1 0 _aAnalytical groundwater mechanics
_cBy Otto D. L. Strack
260 _aCambridge
_bCambridge University Press
_c2017
300 _axi, 325 pages : illustrations
650 _aGROUNDWATER FLOW--MATHEMATICAL MODELS
995 _D98.58
_FCBU-MAIN LIBRARY (Kitwe)
_M1
_UAVAILABLE
_WAug 5, 2020
_ZMain Library Open Access Collection
999 _c34363
_d34363